Clubs français ayant le meilleur parcours en coupe d'Europe - Statistiques

Statistiques générales
  • Ce quiz a été pris 120 fois
  • Le résultat moyen est 25 sur 37
Statistiques - réponses
Compétition Meilleure performance Année(s) Réponse % Correct
C1 Vainqueur 1993 Olympique de Marseille
100%
C1 (Ligue des Champions) Vainqueur 2025 Paris Saint-Germain
100%
C1 Demi-Finaliste 2010 et 2020 Olympique Lyonnais
99%
C1 Finaliste 2004 AS Monaco
97%
C1 Demi-Finaliste 1985 Girondins de Bordeaux
94%
C1 1/8e de finaliste 2007, 2022 et 2025 Lille OSC
94%
C1 Finaliste 1976 AS Saint-Etienne
92%
C1 1/4 de finaliste 1957 et 1960 OGC Nice
92%
C1 Finaliste 1956 et 1959 Stade de Reims
92%
C1 Phase de groupe 1999, 2003 et 2024 RC Lens
90%
C1 1/4 de finaliste 1980 RC Strasbourg Alsace
89%
C1 16e de finale 2025 Stade Brestois 29
89%
C1 Phase de groupe 2020 Stade Rennais
89%
C1 Demi-finaliste 1996 FC Nantes
87%
C1 Phase de groupe 2013 Montpellier HSC
86%
C1 1/4 de finaliste 1997 AJ Auxerre
83%
C3 16e de finale 1986, 1987 et 2024 FC Toulouse
81%
C3 16e de finale 1967 Toulouse FC 1937-67
79%
C2 1/8e de finaliste 1984 FC Metz
75%
C2 1/8e de finaliste 1982 SC Bastia
71%
C3 (Europa League) Demi-finaliste 1981 FC Sochaux-Montbéliard
70%
C3 16e de finale 2015 EA Guingamp
66%
C3 1e tour 2003 FC Lorient
63%
C2 (Coupe des coupes) 1/8e de finaliste 1979 AS Nancy-Lorraine
60%
C2 16e de finale 1962 CS Sedan Ardennes
58%
C3 32e de finale 1973 SCO Angers
54%
C3 32e de finale 1993 SM Caen
54%
C3 Second tour 2002 ES Troyes AC
53%
C2 1/8e de finaliste 1997 Nîmes Olympique
50%
C3 16e de finale 1992 et 1995 AS Cannes
49%
C3 1/8e de finaliste 1970 FC Rouen 1899
38%
C3 1e tour 2001 FC Gueugnon
31%
C3 1e tour 2005 La Berrichonne de Châteauroux
31%
C3 16e de finale 1983 Stade Lavallois MFC
31%
C3 16e de finale 1964 Racing CF
27%
C3 Second tour 1965 Stade Français
12%
C3 32e de finale 1971 Angoulême CFC
5%
Aucun quiz correspondant
Distribution des résultats
% des personnes avec chaque résultat
Percentile par nombre de réponses
Votre historique - résultats
Vous n’avez pas pris ce quiz